| 000 | 00647nam a2200205Ii 4500 | ||
|---|---|---|---|
| 003 | JO-AjNU | ||
| 008 | 230605s9999||||xx |||||||||||||| ||und|| | ||
| 040 |
_aJO-AjNU _bara _erda _cJO-AjNU |
||
| 041 | _aara | ||
| 050 | 1 | 4 | _aPJ7852.A87.A15 1997 |
| 100 | 3 |
_aنصار، سمير عزت, _eauthor _952771 |
|
| 245 | 0 | 0 | _aتموجات مهيبة: قصص قصيرة |
| 250 | _aط2 | ||
| 264 | 3 | 1 | _aعمان: دار النسر للنشر والتوزيع، 1997 |
| 300 | _a144ص | ||
| 336 |
_atext _btxt _2rdacontent |
||
| 337 |
_aunmediated _bn _2rdamedia |
||
| 338 |
_avolume _bnc _2rdacarrier |
||
| 650 | 4 |
_aالأدب العربي - قصص _952772 |
|
| 999 |
_aA23396 _c26964 _d26964 |
||